The Theory Of The Design Of Experiments (Record no. 34524)

MARC details
000 -LEADER
fixed length control field 00361nam a22001577a 4500
003 - CONTROL NUMBER IDENTIFIER
control field OSt
005 - DATE AND TIME OF LATEST TRANSACTION
control field 20220406155924.0
008 - FIXED-LENGTH DATA ELEMENTS--GENERAL INFORMATION
fixed length control field 220406b |||||||| |||| 00| 0 eng d
020 ## - INTERNATIONAL STANDARD BOOK NUMBER
International Standard Book Number 158488195X
040 ## - CATALOGING SOURCE
Transcribing agency HU
082 ## - DEWEY DECIMAL CLASSIFICATION NUMBER
Classification number 004.434
100 ## - MAIN ENTRY--PERSONAL NAME
Personal name Cox D.R.
9 (RLIN) 35495
245 ## - TITLE STATEMENT
Title The Theory Of The Design Of Experiments
300 ## - PHYSICAL DESCRIPTION
Type of unit 323
942 ## - ADDED ENTRY ELEMENTS (KOHA)
Source of classification or shelving scheme Dewey Decimal Classification
Koha item type Books like text book referance book
Suppress in OPAC No
Holdings
Withdrawn status Lost status Source of classification or shelving scheme Damaged status Not for loan Home library Current library Shelving location Date acquired Full call number Barcode Date last seen Copy number Price effective from Koha item type Total Checkouts
    Dewey Decimal Classification     IoT Library IoT Library General Stacks 04/06/2022 004.434/COX/2000 IOTL0020391 04/06/2022 1 04/06/2022 Books like text book referance book  
    Dewey Decimal Classification     IoT Library IoT Library General Stacks 04/06/2022 004.434/COX/2000 IOTL0020392 04/06/2022 2 04/06/2022 Books like text book referance book  
    Dewey Decimal Classification     IoT Library IoT Library General Stacks 04/06/2022 004.434/COX/2000 IOTL0020393 04/06/2022 3 04/06/2022 Books like text book referance book  
    Dewey Decimal Classification     IoT Library IoT Library General Stacks 04/06/2022 004.434/COX/2000 IOTL0020395 04/06/2022 4 04/06/2022 Books like text book referance book  
    Dewey Decimal Classification     IoT Library IoT Library General Stacks 04/06/2022 004.434/COX/2000 IOTL0020758 04/06/2022 5 04/06/2022 Books like text book referance book  
    Dewey Decimal Classification     IoT Library IoT Library General Stacks 04/06/2022 004.434/COX/2000 IOTL0020396 04/06/2022 6 04/06/2022 Books like text book referance book